| 000 | 00810nam a22002175i 4500 | ||
|---|---|---|---|
| 001 | 170537 | ||
| 003 | ES-MaACL | ||
| 005 | 20250315001901.0 | ||
| 008 | 090312s1925 ag |||| | spa d | ||
| 080 | _a821.134.2 Sarmiento, Domingo Faustino 1.06 | ||
| 100 | 0 |
_aBelín Sarmiento, Augusto. _9139631 |
|
| 245 | 1 | 0 |
_aEpistolario de Sarmiento / _cpor Augusto Belín Sarmiento. |
| 260 |
_aBuenos Aires : _bInstituto de Literatura Argentina, _c1925. |
||
| 300 |
_aP. [133]-144 ; _c23 cm. |
||
| 490 | 1 |
_aSección crítica. ; _vT.I, nº 6 |
|
| 600 | 1 | 4 |
_aSarmiento, Domingo Faustino, _d1811-1888 _9103825 |
| 710 | 2 |
_aUniversidad de Buenos Aires. _bInstituto de Literatura Argentina. _9139614 |
|
| 830 | 0 |
_aSección crítica. ; _vT.I, nº 6 _9188947 |
|
| 852 |
_aES-MaACL _jC-8234(6) |
||
| 999 |
_c170537 _d170537 |
||